000 00970mam a2200301 a 4500
001 2111875
003 ARRUPE
005 20141112114214.0
008 971222s1997 enk b 001 0 eng d
010 _agb 98003608
015 _aGB98-3608
020 _a0748609679 (hbk)
020 _a0748609555 (pbk)
035 _a(OCoLC)ocm38124925
040 _aDGU
_cDGU
_dUKM
090 _aPN98.M67
_bE23 1997
100 1 _aEaglestone, Robert,
_d1968-
_912564
245 1 0 _aEthical criticism :
_breading after Levinas /
_cRobert Eaglestone.
260 _aEdinburgh :
_bEdinburgh University Press,
_cc1997.
300 _axii, 194 p. ;
_c24 cm.
504 _aIncludes bibliographical references (p. [181]-189) and index.
600 1 0 _aLévinas, Emmanuel
_xEthics.
_912565
600 1 4 _aLévinas, Emmanuel
_xPhilosophy.
_912566
650 0 _aCriticism
_xMoral and ethical aspects.
_912567
650 0 _aLiterary ethics.
_912568
942 _2lcc
_cMONOGRAPH
999 _c121225
_d121225